| 000 | 00634nam a2200277Ia 4500 | ||
|---|---|---|---|
| 008 | 210210b2009 xxu||||| |||| 00| 0 eng d | ||
| 020 | _a9789380087276 | ||
| 041 | _aeng | ||
| 082 | _a343.09945 BARC | ||
| 100 | _aBARKHA | ||
| 245 |
_aCyber law and crimes _bAct 2000 and computer crime analysis |
||
| 260 |
_aHyderabad _bNot Mentioned _c2009 |
||
| 300 | _a359 | ||
| 650 | _alaw | ||
| 650 | _aCyber | ||
| 650 | _acrimes | ||
| 650 | _acrime | ||
| 650 | _acomputer | ||
| 650 | _aand | ||
| 650 | _aanalysis | ||
| 650 | _aAct | ||
| 650 | _a2000 | ||
| 690 | _aPress Laws | ||
| 700 | _aMOHAN (Rama U) | ||
| 906 | _a064090 | ||
| 999 |
_c139258 _d139258 |
||